To Become or Not To Become (Record no. 1363748)

MARC details
000 -LEADER
fixed length control field 00678nam a2200289Ia 4500
008 - FIXED-LENGTH DATA ELEMENTS--GENERAL INFORMATION
fixed length control field 160321s9999||||xx |||||||||||||| ||und||
040 ## - CATALOGING SOURCE
Transcribing agency English
082 ## - DEWEY DECIMAL CLASSIFICATION NUMBER
Classification number XI.C Rhysdavids
082 ## - DEWEY DECIMAL CLASSIFICATION NUMBER
Item number BORI-50931
100 ## - MAIN ENTRY--PERSONAL NAME
Personal name Rhys Davids
245 ## - TITLE STATEMENT
Title To Become or Not To Become
260 ## - PUBLICATION, DISTRIBUTION, ETC. (IMPRINT)
Place of publication, distribution, etc London
260 ## - PUBLICATION, DISTRIBUTION, ETC. (IMPRINT)
Name of publisher, distributor, etc Luzac and Co.
260 ## - PUBLICATION, DISTRIBUTION, ETC. (IMPRINT)
Date of publication, distribution, etc 1937
300 ## - PHYSICAL DESCRIPTION
Extent 104
300 ## - PHYSICAL DESCRIPTION
Dimensions A
300 ## - PHYSICAL DESCRIPTION
Accompanying material Handbound
530 ## - ADDITIONAL PHYSICAL FORM AVAILABLE NOTE
Uniform Resource Identifier <a href="00066370.pdf">00066370.pdf</a>
563 ## - BINDING INFORMATION
Binding note Study
600 ## - SUBJECT ADDED ENTRY--PERSONAL NAME
Personal name Rhys Davids
630 ## - SUBJECT ADDED ENTRY--UNIFORM TITLE
Uniform title To Become or Not To Become
650 ## - SUBJECT ADDED ENTRY--TOPICAL TERM
Topical term or geographic name as entry element General Indology
650 ## - SUBJECT ADDED ENTRY--TOPICAL TERM
Topical term or geographic name as entry element Philosophy
700 ## - ADDED ENTRY--PERSONAL NAME
Personal name Rhys Davids
730 ## - ADDED ENTRY--UNIFORM TITLE
Uniform title To Become or Not To Become
942 ## - ADDED ENTRY ELEMENTS (KOHA)
Koha item type Book

No items available.